| 000 | 00416pam a2200157 a 4500 | ||
|---|---|---|---|
| 020 |
_a9780195686982 _c |
||
| 041 | _aeng | ||
| 082 |
_a615.19 _bSES |
||
| 100 | _aSessler, J L. | ||
| 245 |
_aMedicinal Inorganic Chemistry _hTextual Documents |
||
| 260 |
_aWashington: _bAmerican Chemical Society, _c2005. |
||
| 300 | _a453. | ||
| 653 | _aPharmaceutical/Medicinal Chemistry | ||
| 700 | _aDoctrow, S R. | ||
| 930 | _a1536 | ||
| 999 |
_c74827 _d74827 |
||